00930nam a2200229 a 450000100100000000500170001000800410002704000250006808200160009310000250010924501570013425000110029126000350030230000210033749000310035859000750038970000290046470000380049383000380053195201140056999900170068300003503320200930074048.0100512s1965 cu r 000 f spa d aDO-SdBNPbspacBNPHU axxxxbH587t1 aHessen, Johan94024113aTeoría del conocimiento. /cJ. Hessen ; prólogo especial para esta edición por Francisco Romero traducción directa del alemán por José Gaos. a7a ed. aBuenos Aires :bLosada,c1965. a157 p. ;c18 cm.1 aBiblioteca contemporánea aPerteneció a la biblioteca personal de Juan Isidro Jimenes Grullón1 aGaos, Joséetr.9113421 aRomero, Franciscoepról.940242 0aBiblioteca contemporánea914729 001050718MOaGRbGRcCTd2011-10-24iLF1l0oxxxx H587tp35033-10r2020-06-25w2020-06-25y1ZNo se presta c34524d34524